| 000 | 01349naa a22003017a 4500 | ||
|---|---|---|---|
| 001 | BR8301898 | ||
| 003 | BR-BrBNA | ||
| 005 | 20250721143225.0 | ||
| 007 | ta | ||
| 008 | 250630b bl.|||m| |||| 00| 0 por d | ||
| 040 |
_aBR-BrBNA _bpor _cBiblioteca Nacional de Agricultura |
||
| 041 | _a(Pt) | ||
| 072 |
_aK10; K50 _b3240 _b8905 _bG514 |
||
| 090 | _aK10 BR8301898 | ||
| 100 | 1 | _aMagalhaes, J.G.R. | |
| 111 | 1 |
_aSeminario: Reflorestamento no Nordeste Semi-Arido _cPetrolina, PE (Brazil) _d24 Nov 1981 |
|
| 245 | 1 | _aReflorestamento com Eucalyptus para producao de carvao: a experiencia da Florestal Acesita S.A. [eucalipto, Brasil] | |
| 246 | 1 | _a[Reforestation with Eucalyptus for coal production: the experience of Florestal Acesita S.A. [eucalipt, Brazil]] | |
| 246 | 1 |
_a[Seminar: Reforestation in the Semi-Arid Northeast] _bEMBRAPA/IBDF |
|
| 500 | _aSeminario: Reflorestamento no Nordeste Semi-Arido Petrolina, PE (Brasil): 1982. p. 74-93 (BR8301898-AMS) | ||
| 773 | 0 |
_tSeminario: Reflorestamento no Nordeste Semi-Arido _b _wK10 BR8301898 _gPetrolina, PE (Brasil), 1982. p. 74-93 |
|
| 650 | _aEUCALIPTO | ||
| 650 | _aCARVAO | ||
| 650 | _aREFLORESTAMENTO | ||
| 490 |
_aDocumentos - Centro de Pesquisa Agropecuaria do Tropico Semi-Arido (Brazil) _vno. 18 _xISSN 0100-9729 |
||
| 942 |
_cAMS _2AGRIS |
||
| 909 |
_a202506 _bLúcia _c55 _dLúcia Elande |
||
| 999 |
_c334496 _d334496 |
||